| 000 | 01136cam a2200229 4500 | ||
|---|---|---|---|
| 001 | ABS65944 | ||
| 008 | 020925n2002 000 0 eng u | ||
| 035 | _a(Sirsi) u119837 | ||
| 100 | _aPerry, P | ||
| 245 | _aHammering out the safety rules | ||
| 260 | _c2002 | ||
| 490 |
_aFacilities Management _v9(11) August 2002, 18-19(2) |
||
| 520 | _aLooks at new guidance from the HSE on the Construction (Design and Management) Regulations 1994, which govern construction projects. These rules make it clear that the client is expected to take the lead on health and safety. Emphasises that facilities managers need to fully understand their duties under this revised "Managing health and safety in construction- CDM regulations 1994: Approved Code of Practice", which can be ordered on www.hsebooks.co.uk or t +44 (0)1787 881165 | ||
| 590 | _aABS | ||
| 650 | _aCONSTRUCTION (DESIGN AND MANAGEMENT) REGULATIONS 1994 | ||
| 650 | _aCONSTRUCTION (DESIGN AND MANAGEMENT) REGULATIONS 1994 | ||
| 650 | _aHEALTH AND SAFETY EXECUTIVE | ||
| 650 | _aHSE | ||
| 650 | _aFACILITIES MANAGERS | ||
| 690 |
_aHealth and safety _96244 |
||
| 942 | _n0 | ||
| 999 |
_c71219 _d71219 |
||